Irish Songs Quiz Stats

 Plays Quiz not verified by Sporcle

Score 0/20 Timer 03:00
0 Plays Today
Song Title Missing Word % Correct
The Rocky Road To _____Dublin
92.2%
Molly _____Malone
85.3%
Finnegan's ____Wake
83.3%
______ Of AthenryFields
77.5%
The Foggy _____Dew
76.5%
______ You're The DevilWhiskey
71.6%
_____ Of The County DownStar
70.6%
The Boys From _____ CorkCounty
67.6%
The Rose Of _____Tralee
66.7%
The Rising Of The _____Moon
62.7%
Song Title Missing Word % Correct
Dublin In The Rare Ould _____Times
60.8%
The _____ Of LiverpoolLeaving
57.8%
Will You Go _____ GoLassie
57.8%
The Real Old ______ DewMountain
57.8%
Raglan _____Road
57.8%
____ Green FieldsFour
52.9%
A Jug Of _____Punch
39.2%
The Mason's _____Apron
23.5%
The Old Woman From _____Wexford
17.6%
The Jolly _____Tinker
13.7%

You're not logged in!

Compare scores with friends on all Sporcle quizzes.
OR
Log In

Show Comments

Extras

Created Mar 14, 2014ReportNominate
Tags:Song Quiz, complete, irish

Top Quizzes Today


Score Distribution

Your Account Isn't Verified!

In order to create a playlist on Sporcle, you need to verify the email address you used during registration. Go to your Sporcle Settings to finish the process.

Report this User

Report this user for behavior that violates our Community Guidelines.

Details: